[Event "Chigorin Memorial 2016"]
[Site "St Petersburg RUS"]
[Date "2016.10.19"]
[Round "5.54"]
[White "Nguyen, Piotr"]
[Black "Melnikov, Dmitry"]
[Result "1-0"]
[WhiteTitle "IM"]
[BlackTitle "FM"]
[WhiteElo "2418"]
[BlackElo "2254"]
[WhiteFideId "1127993"]
[BlackFideId "4146468"]
[EventDate "2016.10.15"]

1. d4 f5 2. c4 Nf6 3. Nc3 e6 4. g3 Bb4 5. Bg2 Bxc3+ 6. bxc3 O-O 7. Nf3 d6 8. O-O
Nc6 9. Ba3 Re8 10. c5 dxc5 11. Bxc5 Ne4 12. Ba3 Nxc3 13. Qc2 Nb5 14. Bb2 Nbxd4
15. Nxd4 Nxd4 16. Qc4 Nc6 17. Rfd1 Qe7 18. Bxc6 bxc6 19. Rd2 c5 20. Rad1 a5 21.
Be5 a4 22. Qb5 c6 23. Qb6 Ra6 24. Qb2 Ra7 25. Rd6 Rd7 26. Rxd7 Bxd7 27. Qb7 Rd8
28. Bc3 Qe8 29. Ba5 Ra8 30. Rxd7 Rxa5 1-0

[Event "Chigorin Memorial 2016"]
[Site "St Petersburg RUS"]
[Date "2016.10.19"]
[Round "5.55"]
[White "Palachev, Petr"]
[Black "Mamyrbay, Assad"]
[Result "1/2-1/2"]
[WhiteTitle "FM"]
[WhiteElo "2408"]
[BlackElo "2246"]
[WhiteFideId "24129003"]
[BlackFideId "13708880"]
[EventDate "2016.10.15"]

1. Nf3 Nf6 2. g3 g6 3. b3 Bg7 4. Bb2 d5 5. c4 c6 6. Bg2 O-O 7. O-O Nbd7 8. d3
Re8 9. Nc3 e5 10. cxd5 cxd5 11. Rc1 Qa5 12. a3 d4 13. b4 Qb6 14. Na4 Qb5 15. Qb3
Bh6 16. Rc2 a5 17. Nc5 b6 18. a4 Qxb4 19. Qxb4 axb4 20. Nxd7 Nxd7 21. Nxe5 Ra7
22. Nc6 Rxa4 23. Bxd4 Bb7 24. Rb2 Bf8 25. Rfb1 Re6 26. Nxb4 Bxg2 27. Kxg2 Rxb4
28. Rxb4 Bxb4 29. Rxb4 Rxe2 30. Be3 Rc2 31. Kf3 Rc6 32. Ke4 Kf8 33. d4 Ke7 34.
Kd3 Nf6 35. Bg5 Ke6 36. Bxf6 Kxf6 37. d5 Rd6 38. Kd4 h5 39. Rc4 Ke7 40. f4 Rd7
41. Rc6 Rd6 42. Rc2 Rd7 43. Re2+ Kd6 44. Rb2 Rb7 45. Rb5 1/2-1/2

[Event "Chigorin Memorial 2016"]
[Site "St Petersburg RUS"]
[Date "2016.10.19"]
[Round "5.56"]
[White "Kazakovskiy, Valeriy"]
[Black "Kaganskiy, Gleb"]
[Result "1-0"]
[WhiteTitle "IM"]
[BlackTitle "FM"]
[WhiteElo "2399"]
[BlackElo "2226"]
[WhiteFideId "13507443"]
[BlackFideId "4132025"]
[EventDate "2016.10.15"]

1. d4 Nf6 2. Nf3 e6 3. c4 b6 4. g3 Ba6 5. b3 Bb4+ 6. Bd2 Be7 7. Bg2 c6 8. O-O d5
9. cxd5 cxd5 10. b4 O-O 11. a4 b5 12. axb5 Bxb5 13. Nc3 Qb6 14. Nxb5 Qxb5 15.
Ra5 Qb7 16. Qa4 Bd8 17. Rc5 Nbd7 18. Rc2 Nb6 19. Qb5 a6 20. Qd3 Nc4 21. Ne5 Nxd2
22. Qxd2 Be7 23. Nc6 Bd6 24. Rfc1 Rac8 25. Qd3 Rc7 26. Qa3 Rfc8 27. Qa4 Nd7 28.
Na5 Qb6 29. Rxc7 Rxc7 30. Rxc7 Qxc7 31. Nb3 Qc8 32. Nc5 Nxc5 33. dxc5 Be5 34. e3
Bc3 35. Qa3 d4 36. exd4 Bxd4 37. Bf1 h5 38. Bxa6 Qc6 39. Qd3 e5 40. Bc4 Qf6 41.
Qe2 h4 42. Kg2 Qc6+ 43. f3 Qa4 44. Qa2 Qxa2+ 45. Bxa2 hxg3 46. hxg3 Kf8 47. Kh3
Ke7 48. Kg4 g6 49. c6 Bb6 50. Bb3 Bc7 51. Bc4 Bd6 52. b5 Bc7 53. Kg5 Bd8 54. Kh6
Kf8 55. Kh7 Bc7 56. Kh6 Bd8 57. Bb3 Kg8 58. g4 Kf8 59. g5 Kg8 60. Bc4 Kf8 61.
Bd3 f6 62. gxf6 Kf7 63. c7 Bxc7 64. Kg5 Bd8 65. Bc4+ 1-0

[Event "Chigorin Memorial 2016"]
[Site "St Petersburg RUS"]
[Date "2016.10.19"]
[Round "5.57"]
[White "Bykov, Egor"]
[Black "Arslanov, Shamil"]
[Result "0-1"]
[WhiteTitle "FM"]
[BlackTitle "IM"]
[WhiteElo "2292"]
[BlackElo "2398"]
[WhiteFideId "34115290"]
[BlackFideId "4192826"]
[EventDate "2016.10.15"]

1. d4 d5 2. Nf3 Nf6 3. c4 dxc4 4. e3 e6 5. Bxc4 c5 6. Qe2 a6 7. dxc5 Bxc5 8. O-O
Nc6 9. a3 O-O 10. b4 Bd6 11. e4 e5 12. h3 h6 13. Nc3 b5 14. Ba2 Nd4 15. Nxd4
exd4 16. Nd5 Bb7 17. Bb2 Re8 18. Qf3 Rxe4 19. Bxd4 Rxd4 20. Nxf6+ Qxf6 21. Qxb7
Rd8 22. Rac1 g6 23. Rc3 Rd7 24. Rf3 Rxb7 25. Rxf6 Kg7 26. Rf3 a5 27. bxa5 Ra4
28. Bd5 Rc7 29. Rb1 Rxa5 30. Rfb3 b4 31. Rd3 bxa3 32. Bb3 Be5 33. Rd2 Rb5 34.
Rdd1 Rxb3 35. Rxb3 Ra7 36. Re3 Bf6 37. Ree1 a2 38. Ra1 Bxa1 39. Rxa1 Kf6 40. Kf1
Ke5 41. Ke2 Kd4 42. Kd2 g5 0-1

[Event "Chigorin Memorial 2016"]
[Site "St Petersburg RUS"]
[Date "2016.10.19"]
[Round "5.59"]
[White "Ponfilenok, Vladimir"]
[Black "Nesterov, Arseniy"]
[Result "1/2-1/2"]
[WhiteElo "2390"]
[BlackElo "2214"]
[WhiteFideId "24113522"]
[BlackFideId "24198455"]
[EventDate "2016.10.15"]

1. d4 Nf6 2. c4 e6 3. g3 c5 4. d5 exd5 5. cxd5 d6 6. Nf3 g6 7. Nc3 Bg7 8. Bg2
O-O 9. O-O Nbd7 10. Bf4 Qe7 11. Qc1 Ng4 12. h3 Nge5 13. Nxe5 Nxe5 14. Bh6 Bxh6
15. Qxh6 Rb8 16. a4 a6 17. e4 f6 18. Qd2 Bxh3 19. a5 b5 20. axb6 Rxb6 21. Qe2
Bxg2 22. Kxg2 Rfb8 23. Rxa6 Rxa6 24. Qxa6 Rxb2 25. Ra1 Rb3 26. Nb5 Nf7 27. Ra4
Qd7 28. Qc6 Qg4 29. Qe8+ Kg7 30. Ra1 Qf3+ 31. Kg1 Rb2 32. Rf1 Rxb5 33. Qxb5 Qxe4
34. Qb7 Qe8 35. Ra1 Kh6 36. Qa8 Qe7 37. Qa4 Ng5 38. Kg2 Qe5 39. Qh4+ Kg7 40.
Ra7+ Kg8 41. Qc4 Qf5 42. Ra8+ Kg7 43. Ra7+ Kg8 44. Ra3 Qh3+ 45. Kg1 Qf5 46. Qd3
Qg4 47. f4 Nf7 48. Kg2 Qd7 49. Qe4 Qb7 50. Kh3 Kg7 51. Re3 Qa6 52. Re1 Qa2 53.
Rb1 Qf2 54. Rb7 Qf1+ 55. Kh2 Qf2+ 56. Qg2 Qe3 57. Rb2 Qd3 58. Qd2 Qe4 59. Rb7
Qf3 60. Re7 h5 61. Qc2 Qg4 62. Qe2 Qxe2+ 63. Rxe2 g5 64. Re7 Kg6 65. Rd7 Kg7 66.
Kg2 g4 67. Kf2 Kg6 68. f5+ Kg7 69. Ke3 Kf8 70. Kf4 Ke8 71. Rc7 Kf8 72. Ra7 Kg7
73. Re7 Kf8 74. Rd7 Kg7 75. Ra7 Kf8 76. Ra1 Kg7 77. Ra7 Kf8 78. Ra8+ Kg7 79. Re8
Ng5 80. Re7+ Kf8 81. Re1 Kg7 82. Re2 Kg8 83. Re7 Kf8 84. Rd7 Nf7 85. Ra7 1/2-1/2

[Event "Chigorin Memorial 2016"]
[Site "St Petersburg RUS"]
[Date "2016.10.19"]
[Round "5.60"]
[White "Chu, Wei Chao"]
[Black "Urazayev, Arystanbek"]
[Result "1-0"]
[WhiteTitle "IM"]
[BlackTitle "CM"]
[WhiteElo "2268"]
[BlackElo "2377"]
[WhiteFideId "8605661"]
[BlackFideId "13709810"]
[EventDate "2016.10.15"]

1. Nf3 Nf6 2. b3 g6 3. Bb2 Bg7 4. c4 O-O 5. g3 b6 6. Bg2 Bb7 7. O-O c5 8. d3 Nc6
9. Qd2 e6 10. e3 d5 11. cxd5 exd5 12. a3 d4 13. e4 Na5 14. Qd1 Rc8 15. Nbd2 Nd7
16. b4 Nc6 17. Nc4 Nde5 18. Nfxe5 Nxe5 19. Nxe5 Bxe5 20. Qb3 Qd7 21. Rfd1 Rc7
22. a4 cxb4 23. Qxb4 Rfc8 24. a5 b5 25. a6 Ba8 26. h4 Rc2 27. Rac1 Qg4 28. Rf1
Rxc1 29. Bxc1 Qe2 30. Qxb5 Bf6 31. Bf4 Bc6 32. Qb3 Bd7 33. Qb7 Be6 34. Qxa7 Qxd3
35. Qb7 Qa3 36. e5 Bd8 37. a7 1-0

[Event "Chigorin Memorial 2016"]
[Site "St Petersburg RUS"]
[Date "2016.10.19"]
[Round "5.61"]
[White "Aguera Naredo, Javier"]
[Black "Semenenko, Sergey"]
[Result "1-0"]
[WhiteTitle "FM"]
[WhiteElo "2367"]
[BlackElo "2184"]
[WhiteFideId "2204169"]
[BlackFideId "4173767"]
[EventDate "2016.10.15"]

1. e4 c5 2. Nf3 d6 3. d4 cxd4 4. Nxd4 Nf6 5. Nc3 a6 6. h3 e6 7. g4 d5 8. exd5
Nxd5 9. Nde2 Bb4 10. Bg2 O-O 11. O-O Nxc3 12. Nxc3 Qc7 13. Qd4 Nc6 14. Qc4 Bd7
15. Bf4 e5 16. Nd5 Be6 17. Be3 Rad8 18. Rfd1 Qb8 19. g5 Rd7 20. c3 Ba5 21. Qh4
Bxd5 22. Rxd5 Rfd8 23. Rxd7 Rxd7 24. Be4 g6 25. Qg4 Qe8 26. Kg2 Bd8 27. h4 Be7
28. h5 Bf8 29. hxg6 hxg6 30. Rh1 Bg7 31. Bc5 Qe6 32. Qxe6 fxe6 33. Bxg6 Ne7 34.
Be8 Rd8 35. Bxe7 Rxe8 36. Bc5 Rd8 37. Be3 Kf7 38. Kf3 Kg6 39. Ke4 Rc8 40. Rd1
Rc4+ 41. Kf3 Rc7 42. Rd8 Kf5 43. Ke2 e4 44. Rg8 Rd7 45. Bb6 Be5 46. Bd8 Bg7 47.
Re8 Kg6 48. Bb6 Kxg5 49. Rxe6 Kf5 50. Re8 Rd6 51. Bc5 Rd7 52. a4 Rd5 53. Be3 Rd7
54. Rc8 Be5 55. Rc5 Ke6 56. b4 Rc7 57. c4 Rxc5 58. Bxc5 Kf5 59. Ke3 Bc3 60. b5
axb5 61. axb5 Ke5 62. Bb6 Bb2 63. Bc7+ Kf5 64. c5 Bc3 65. c6 bxc6 66. b6 Ba5 67.
Bd8 Bb4 68. b7 Bc5+ 69. Ke2 Bd6 70. Bh4 e3 71. Bg3 1-0

[Event "Chigorin Memorial 2016"]
[Site "St Petersburg RUS"]
[Date "2016.10.19"]
[Round "5.62"]
[White "Egorov, Pavel"]
[Black "Gubajdullin, Alexei"]
[Result "0-1"]
[BlackTitle "FM"]
[WhiteElo "2257"]
[BlackElo "2367"]
[WhiteFideId "24122637"]
[BlackFideId "4141202"]
[EventDate "2016.10.15"]

1. d4 d6 2. Nf3 f5 3. c4 Nf6 4. Nc3 g6 5. g3 Bg7 6. Bg2 O-O 7. O-O Qe8 8. Nd5
Nxd5 9. cxd5 Nd7 10. Ng5 Nb6 11. Be3 h6 12. Nh3 g5 13. f4 g4 14. Nf2 Qf7 15. Qb3
e6 16. dxe6 Bxe6 17. Qd3 Bc4 18. Qd2 Rae8 19. b3 Bd5 20. Nd1 Bxg2 21. Kxg2 c5
22. Rc1 Qd5+ 23. Kg1 Rxe3 24. Nxe3 Bxd4 25. Rf2 Qe6 26. Nd1 Nd5 27. e3 Nxe3 28.
Re2 Re8 29. Nc3 Qf7 30. Rce1 Nc4+ 31. Qxd4 Rxe2 32. Qd1 Rxe1+ 33. Qxe1 Nb6 34.
Nb5 Nc8 35. Qa5 Qe7 36. Kf2 b6 37. Qd2 Qe6 38. Nc7 Qe4 39. Nd5 Kf7 40. Ne3 Ke6
41. Nd1 Qf3+ 42. Kg1 d5 43. Qe1+ Qe4 44. Qc3 Nd6 45. Nf2 Qb1+ 46. Kg2 d4 47. Qd2
Ne4 48. Qe2 Kd6 49. Nd3 h5 50. Nf2 Kc7 51. Qa6 Kb8 52. Qe2 Kb7 53. Nd3 a6 54.
Nf2 b5 55. h3 Kb6 56. hxg4 hxg4 57. a4 Qxb3 58. a5+ Kc7 59. Nxe4 fxe4 60. Qxe4
Qf3+ 61. Qxf3 gxf3+ 62. Kxf3 b4 63. Ke4 0-1

[Event "Chigorin Memorial 2016"]
[Site "St Petersburg RUS"]
[Date "2016.10.19"]
[Round "5.63"]
[White "Paramzina, Anastasya"]
[Black "Sanzhaev, Darsen"]
[Result "0-1"]
[WhiteTitle "WFM"]
[BlackTitle "FM"]
[WhiteElo "2221"]
[BlackElo "2353"]
[WhiteFideId "4165012"]
[BlackFideId "24120030"]
[EventDate "2016.10.15"]

1. e4 e5 2. Nf3 Nc6 3. Bc4 Bc5 4. O-O Nf6 5. d3 O-O 6. Re1 h6 7. c3 d6 8. Nbd2
Ne7 9. d4 Bb6 10. Bb3 Ng6 11. Nc4 Be6 12. h3 Bxc4 13. Bxc4 exd4 14. Nxd4 Nxe4
15. Bd5 Ng5 16. Bxb7 Rb8 17. Ba6 Qf6 18. Be3 d5 19. Bf1 Rfe8 20. a4 Nh4 21. Kh1
Ne4 22. Qc2 c5 23. Nb3 Nf5 24. a5 Nxe3 25. Rxe3 Bc7 26. Rf3 Qg6 27. Qd1 Nxf2+ 0-1

[Event "Chigorin Memorial 2016"]
[Site "St Petersburg RUS"]
[Date "2016.10.19"]
[Round "5.64"]
[White "Schekachikhin, Maksim"]
[Black "Tsoi, Dmitry"]
[Result "1/2-1/2"]
[WhiteTitle "FM"]
[WhiteElo "2347"]
[BlackElo "2160"]
[WhiteFideId "24177830"]
[BlackFideId "24194697"]
[EventDate "2016.10.15"]

1. d4 Nf6 2. c4 e6 3. Nf3 d5 4. g3 Bb4+ 5. Nc3 O-O 6. Bg2 c6 7. O-O dxc4 8. a3
Ba5 9. Bg5 h6 10. Bxf6 Qxf6 11. e3 Rd8 12. Ne5 Bxc3 13. bxc3 Nd7 14. Nxc4 e5 15.
Nxe5 Nxe5 16. dxe5 Qe7 17. Qb3 Qxe5 18. Rfd1 Rxd1+ 19. Rxd1 Qc7 20. Rb1 b6 21.
Qa4 Bd7 22. Rd1 Be8 23. Qd4 Rc8 24. c4 c5 25. Qg4 Rd8 26. Bd5 Bc6 27. e4 Bxd5
28. Rxd5 Qe7 29. Kg2 g6 30. Qf4 h5 31. Kf1 a6 32. a4 Qe8 33. e5 Rxd5 34. cxd5 b5
35. axb5 Qxb5+ 36. Kg1 Qd3 37. d6 c4 38. Qf6 c3 39. e6 fxe6 40. Qxe6+ Kg7 41.
Qe7+ Kh6 42. Qf8+ Kh7 43. Qf7+ Kh8 44. Qf8+ Kh7 45. Qe7+ Kh6 46. d7 c2 47. Qf8+
Kh7 48. Qf7+ Kh8 49. Qf6+ Kh7 50. Qe7+ Kh6 51. Qf8+ 1/2-1/2

[Event "Chigorin Memorial 2016"]
[Site "St Petersburg RUS"]
[Date "2016.10.19"]
[Round "5.65"]
[White "Yandarbiev, Ruslan"]
[Black "Zaykov, Sergey"]
[Result "1/2-1/2"]
[WhiteTitle "IM"]
[WhiteElo "2342"]
[BlackElo "2131"]
[WhiteFideId "4115023"]
[BlackFideId "4143906"]
[EventDate "2016.10.15"]

1. e4 e5 2. Nf3 Nf6 3. Nxe5 d6 4. Nf3 Nxe4 5. d3 Nf6 6. d4 d5 7. Bd3 Be7 8. h3
h6 9. O-O O-O 10. Re1 Nc6 11. c3 Be6 12. Nbd2 Re8 13. b4 Bf8 14. Nb3 b6 15. Bf4
Ne7 16. Ne5 Qc8 17. g4 Ne4 18. f3 Nd6 19. Bc2 Nc4 20. Qd3 g6 21. Nd2 Nxe5 22.
Rxe5 c5 23. bxc5 bxc5 24. Ba4 Nc6 25. Ree1 Rd8 26. dxc5 Na5 27. Kg2 Qxc5 28.
Rxe6 fxe6 29. Qxg6+ Bg7 30. Qxe6+ Kh8 31. Be5 Qb6 32. Bxg7+ Kxg7 33. Qe7+ Kh8
34. Bd7 Qg6 35. Re1 Qg7 36. Bf5 Rf8 37. Re6 Rab8 38. Qxg7+ Kxg7 39. Rg6+ Kf7 40.
Ra6 Rb2 41. Rxa7+ Ke8 42. Rxa5 Rxd2+ 43. Kg3 Rf6 44. Kf4 Rc6 45. Ke3 Rd1 46. Ke2
Rh1 47. Rxd5 Rxc3 48. Bd3 Ra3 49. Rh5 Rxa2+ 50. Ke3 Re1+ 51. Kf4 Re6 52. Be4 Ke7
53. Rb5 Ra7 54. h4 Kf6 55. Rc5 Rb6 56. g5+ Kg7 57. Kg4 Re6 58. Bc2 Ree7 59. Bf5
Ra4+ 60. Kh5 hxg5 61. hxg5 Rf4 62. Bg4 Ref7 63. g6 Rxf3 64. gxf7 Rxf7 65. Kg5
Ra7 66. Rc6 Kf7 67. Bf5 Ke7 68. Rh6 Ra4 69. Re6+ Kd8 70. Kf6 Kc7 71. Be4 Ra5 72.
Ke7 Rc5 73. Bf3 Rc3 74. Bd5 Rc5 75. Re5 Ra5 76. Ke6 Ra6+ 77. Kf5 Rh6 78. Bf3 Rh3
79. Ke4 Kd6 80. Rg5 Rh4+ 81. Bg4 Rh2 82. Rd5+ Kc6 83. Ke5 Rh4 84. Bf3 Kb6 85.
Rd6+ Kc5 86. Rc6+ Kb4 87. Be4 Kb5 88. Rc2 Rh5+ 89. Kd4 Kb6 90. Rc6+ Ka7 91. Bd5
Rh2 92. Rc7+ Kb6 93. Rb7+ Ka6 94. Rb1 Rd2+ 95. Kc5 Rc2+ 96. Bc4+ Ka7 97. Rb4 Rh2
98. Bd5 Rc2+ 99. Kb5 Kb8 100. Kb6 Kc8 101. Bc6 Rh2 102. Re4 Rb2+ 103. Bb5 Rd2
104. Re8+ Rd8 105. Re7 Rd1 106. Re2 Rd4 107. Kc6 Kd8 108. Re5 Rd1 109. Kb6 Kc8
110. Re4 Rd2 111. Re1 Rd4 112. Re2 Rd1 113. Ba4 Rb1+ 114. Kc6 Rc1+ 115. Kd6 1/2-1/2

[Event "Chigorin Memorial 2016"]
[Site "St Petersburg RUS"]
[Date "2016.10.19"]
[Round "5.66"]
[White "Yeletsky, Ivan"]
[Black "Kolesnikova, Kristina"]
[Result "1-0"]
[WhiteTitle "FM"]
[WhiteElo "2340"]
[BlackElo "2012"]
[WhiteFideId "24180327"]
[BlackFideId "4100174"]
[EventDate "2016.10.15"]

1. d4 Nf6 2. Bg5 e6 3. e4 d6 4. Nc3 Be7 5. Qd2 Nbd7 6. Nf3 h6 7. Be3 a6 8. e5
Nd5 9. Nxd5 exd5 10. O-O-O Nb6 11. Bf4 Bf5 12. exd6 cxd6 13. Bd3 Be6 14. Kb1 Qc7
15. Rhe1 O-O-O 16. h3 Kb8 17. Qb4 Nc4 18. Bxc4 dxc4 19. d5 Bc8 20. Be3 b5 21. a4
Qb7 22. Nd4 Bd7 23. Bf4 Bf6 24. Bxd6+ Ka8 25. axb5 Bxb5 26. Nxb5 Qxb5 27. Qxb5
axb5 28. Be7 Rd7 29. d6 Kb7 30. Bxf6 gxf6 31. Re7 Rd8 32. Rxd7+ Rxd7 33. Rd5 Kc6
34. Rh5 Kxd6 35. Rxb5 Re7 36. Rb6+ Kc5 37. Rxf6 Re1+ 38. Ka2 Rc1 39. c3 Rg1 40.
g3 Kd5 41. Rxf7 Ke4 42. Rf4+ Kd3 43. Rd4+ 1-0

[Event "Chigorin Memorial 2016"]
[Site "St Petersburg RUS"]
[Date "2016.10.19"]
[Round "5.67"]
[White "Rozycki, Bartlomiej"]
[Black "Zarubitski, Viachaslau"]
[Result "0-1"]
[BlackTitle "FM"]
[WhiteElo "2170"]
[BlackElo "2340"]
[WhiteFideId "1106996"]
[BlackFideId "13509373"]
[EventDate "2016.10.15"]

1. e4 c5 2. Nf3 e6 3. d4 cxd4 4. Nxd4 Nc6 5. Nc3 Qc7 6. Be3 a6 7. Qd2 Nf6 8. f3
b5 9. O-O-O Bb7 10. g4 Nxd4 11. Qxd4 Rc8 12. Bd3 Bc5 13. Qxc5 Qxc5 14. Bxc5 Rxc5
15. Rhe1 d6 16. h4 h6 17. Kb1 Ke7 18. a4 bxa4 19. Nxa4 Rc7 20. Nc3 g5 21. Rh1
Rcc8 22. Rh3 Nd7 23. Rdh1 Rhg8 24. hxg5 hxg5 25. Ne2 Ne5 26. Nd4 d5 27. exd5
Nxd3 28. cxd3 Bxd5 29. Rc1 Kf6 30. Ne2 Rh8 31. Rch1 Rhd8 32. Nc3 Bb3 33. Ne4+
Ke7 34. R3h2 Rxd3 35. Nxg5 Rcd8 36. Rc1 e5 37. Rh7 Rd1 38. Rh1 Rxh1 39. Rxh1 Rd3
40. Rf1 f6 41. Ne4 Bd5 42. Kc1 Bxe4 43. fxe4 Rg3 44. Kd2 Rxg4 45. Ra1 Rxe4 46.
Rxa6 f5 47. Rg6 f4 48. b4 f3 49. Ra6 Re2+ 50. Kd1 Rb2 51. Ke1 e4 52. Ra3 Kd6 0-1

[Event "Chigorin Memorial 2016"]
[Site "St Petersburg RUS"]
[Date "2016.10.19"]
[Round "5.68"]
[White "Ufimtsev, Egor"]
[Black "Gevorgyan, David Sh."]
[Result "1/2-1/2"]
[BlackTitle "IM"]
[WhiteElo "2088"]
[BlackElo "2335"]
[WhiteFideId "4146336"]
[BlackFideId "13303244"]
[EventDate "2016.10.15"]

1. Nf3 Nf6 2. c4 g6 3. Nc3 Bg7 4. d4 O-O 5. Bg5 h6 6. Bh4 c5 7. e3 Na6 8. h3 d6
9. Be2 b6 10. O-O Bb7 11. a3 Qd7 12. Qc2 Rac8 13. Rfd1 Nc7 14. b4 cxd4 15. Nxd4
Ne6 16. Rac1 Ng5 17. Bxg5 hxg5 18. Qa4 Qxa4 19. Nxa4 Ne4 20. Bf3 Rfd8 21. Kf1
Rd7 22. Nc3 Nxc3 23. Rxc3 Bxf3 24. gxf3 e5 25. Ne2 e4 26. Rc2 exf3 27. Ng1 Rdc7
28. Nxf3 Rxc4 29. Rxc4 Rxc4 30. Rxd6 Rc3 31. Rd8+ Bf8 32. Ne5 Kg7 33. Rd3 Rxd3
34. Nxd3 Kf6 35. Ke2 Ke6 36. e4 Bd6 37. Ke3 f5 38. f3 Bc7 39. Kd4 a6 40. a4 Bd6
41. a5 bxa5 42. bxa5 Bc7 1/2-1/2

[Event "Chigorin Memorial 2016"]
[Site "St Petersburg RUS"]
[Date "2016.10.19"]
[Round "5.70"]
[White "Tsvetkov, Andrey"]
[Black "Tishova, Svetlana"]
[Result "0-1"]
[WhiteTitle "CM"]
[BlackTitle "FM"]
[WhiteElo "1992"]
[BlackElo "2317"]
[WhiteFideId "34139360"]
[BlackFideId "24173550"]
[EventDate "2016.10.15"]

1. d4 Nf6 2. c4 e6 3. Nc3 Bb4 4. e3 O-O 5. Ne2 d5 6. a3 Bd6 7. c5 Be7 8. b4 c6
9. Nf4 Nbd7 10. Be2 e5 11. Nd3 Qc7 12. O-O e4 13. Nf4 Re8 14. f3 exf3 15. Bxf3
Nf8 16. Bd2 Bd8 17. Qc2 Bg4 18. Rae1 Bxf3 19. Rxf3 Ne4 20. Nxe4 Rxe4 21. Ref1
Bg5 22. Nh3 Bf6 23. Nf2 Re7 24. Ng4 Bg5 25. Qd3 Rae8 26. Kh1 Qc8 27. Nf2 Nd7 28.
h4 Bf6 29. g3 g6 30. Kg2 Bg7 31. Nh3 f5 32. h5 Nf6 33. hxg6 hxg6 34. Nf4 Kf7 35.
g4 Nxg4 36. Rg3 Re4 37. Rxg4 fxg4 38. Nxd5+ Kg8 39. Nf6+ Bxf6 40. Rxf6 Kg7 41.
Rf1 Qe6 0-1

[Event "Chigorin Memorial 2016"]
[Site "St Petersburg RUS"]
[Date "2016.10.19"]
[Round "5.71"]
[White "Huzman, Alexander"]
[Black "Shubin, Alexey"]
[Result "1-0"]
[WhiteTitle "GM"]
[WhiteElo "2577"]
[BlackElo "2141"]
[WhiteFideId "2803828"]
[BlackFideId "4130707"]
[EventDate "2016.10.15"]

1. Nf3 d5 2. d4 c6 3. c4 e6 4. Nbd2 Nd7 5. e4 dxe4 6. Nxe4 Ngf6 7. Bd3 Nxe4 8.
Bxe4 Nf6 9. Bc2 Bb4+ 10. Bd2 Qa5 11. O-O Bxd2 12. Nxd2 b6 13. Ne4 Nxe4 14. Bxe4
Bb7 15. Qf3 Rc8 16. a3 Qd2 17. Rfd1 Qg5 18. b4 Qf6 19. Qxf6 gxf6 20. f4 f5 21.
Bf3 Ke7 22. Kf2 Rhd8 23. Rac1 Rd7 24. c5 b5 25. Ke3 Rcd8 26. a4 a6 27. Ra1 f6
28. axb5 axb5 29. Ra7 Rc8 30. Rd3 Kd8 31. Bd1 Kc7 32. Ra2 Rcd8 33. Rad2 Re7 34.
Bb3 Bc8 35. Rd1 Bd7 36. Kf2 Be8 37. Re3 Bf7 38. d5 cxd5 39. Rxd5 Rxd5 40. Bxd5
Rd7 41. Bf3 Rd2+ 42. Re2 Rxe2+ 43. Bxe2 Be8 44. Bd3 h6 45. Be2 e5 46. Ke3 h5 47.
Bd3 e4 48. Be2 h4 49. Kf2 Kc6 50. g3 hxg3+ 51. Kxg3 Kd5 52. h4 Ke6 53. Bd1 Bc6
54. Bb3+ Ke7 55. Kf2 Be8 56. Bd1 Kf8 57. Ke3 Ke7 58. Kd4 Kd7 59. h5 Bf7 60. h6
Bg6 1-0

[Event "Chigorin Memorial 2016"]
[Site "St Petersburg RUS"]
[Date "2016.10.19"]
[Round "5.72"]
[White "Ungurs, Edgars"]
[Black "Idani, Pouya"]
[Result "1/2-1/2"]
[BlackTitle "GM"]
[WhiteElo "2140"]
[BlackElo "2551"]
[WhiteFideId "11601205"]
[BlackFideId "12510130"]
[EventDate "2016.10.15"]

1. e4 c5 2. Nf3 d6 3. Bb5+ Bd7 4. Bxd7+ Qxd7 5. O-O Nf6 6. Qe2 Nc6 7. Rd1 g5 8.
c3 g4 9. Nh4 Qe6 10. d3 c4 11. d4 Qxe4 12. Qxc4 e6 13. Nd2 Qd5 14. Qe2 Be7 15.
g3 h5 16. Ng2 Qf5 17. b4 d5 18. b5 Na5 19. Ne3 Qh7 20. c4 Rd8 21. cxd5 Nxd5 22.
Nxd5 Rxd5 23. Ne4 Qf5 24. Bf4 O-O 25. Rac1 f6 26. Rc7 Rf7 27. Nc3 Rd8 28. d5 e5
29. Be3 Bb4 30. Rxf7 Kxf7 31. Qb2 Bxc3 32. Qxc3 b6 33. Qc7+ Qd7 34. Qc2 Kg7 35.
a4 Rc8 36. Qa2 Nc4 37. Bc1 Qf5 38. Qe2 h4 39. gxh4 e4 40. Bb2 Nd6 41. Ba3 Nf7
42. Bb2 Rd8 43. Re1 Re8 44. Rc1 Kg6 45. Rc6 Ne5 46. Bxe5 Rxe5 47. d6 Qf3 48.
Qxf3 gxf3 49. h3 Rd5 50. Kh2 Kf5 51. h5 Kg5 52. Kg3 f5 53. h4+ Kxh5 54. Rc7 Rxd6 1/2-1/2

[Event "Chigorin Memorial 2016"]
[Site "St Petersburg RUS"]
[Date "2016.10.19"]
[Round "5.73"]
[White "Sunilduth Lyna, Narayanan"]
[Black "Hakobyan, Hovhannes H."]
[Result "1-0"]
[WhiteTitle "GM"]
[WhiteElo "2536"]
[BlackElo "2136"]
[WhiteFideId "5058422"]
[BlackFideId "13306308"]
[EventDate "2016.10.15"]

1. d4 Nf6 2. c4 g6 3. Nc3 Bg7 4. e4 d6 5. Nf3 O-O 6. Be2 e5 7. d5 a5 8. Bg5 h6
9. Be3 Ng4 10. Bd2 f5 11. h3 Nf6 12. exf5 gxf5 13. Qc1 f4 14. g3 e4 15. Nd4 f3
16. Bd1 Kh7 17. Bc2 Qe7 18. Nxf3 Na6 19. Be3 Nb4 20. Qd2 Nxc2+ 21. Qxc2 c6 22.
dxc6 bxc6 23. g4 d5 24. Nd4 Bd7 25. c5 a4 26. Nxa4 Ra5 27. Rg1 Rfa8 28. b3 Qxc5
29. f4 Qe7 30. O-O-O Ne8 31. g5 Nc7 32. f5 Bxd4 33. Bxd4 Bxf5 34. Rdf1 Ne6 35.
Bf6 Qb7 36. Rxf5 Rxa4 37. bxa4 Rxa4 38. Qxa4 Nc5 39. g6+ Kg8 40. Rxd5 1-0

[Event "Chigorin Memorial 2016"]
[Site "St Petersburg RUS"]
[Date "2016.10.19"]
[Round "5.74"]
[White "Smirnov, Artem"]
[Black "Korchagina, Viktoria"]
[Result "1-0"]
[WhiteTitle "IM"]
[BlackTitle "WFM"]
[WhiteElo "2409"]
[BlackElo "2126"]
[WhiteFideId "4143256"]
[BlackFideId "4197224"]
[EventDate "2016.10.15"]

1. d4 Nf6 2. c4 g6 3. Nc3 d5 4. cxd5 Nxd5 5. e4 Nxc3 6. bxc3 Bg7 7. Nf3 c5 8. h3
Nc6 9. Be3 Qa5 10. Bd2 cxd4 11. cxd4 Qa3 12. d5 Nb8 13. Bc4 O-O 14. O-O Nd7 15.
Rb1 a5 16. Bf4 Nc5 17. Re1 Bd7 18. d6 e6 19. Ne5 Bxe5 20. Bxe5 f6 21. Bd4 Na4
22. Rxb7 Qxd6 23. Bxf6 Qxd1 24. Rxd1 Nc5 25. e5 Rf7 26. Rc7 Rc8 27. Rcxd7 Nxd7
28. Bxe6 1-0

[Event "Chigorin Memorial 2016"]
[Site "St Petersburg RUS"]
[Date "2016.10.19"]
[Round "5.75"]
[White "Barchuk, Irina"]
[Black "Bublei, Pavel"]
[Result "0-1"]
[BlackTitle "FM"]
[WhiteElo "2126"]
[BlackElo "2406"]
[WhiteFideId "14119005"]
[BlackFideId "24112593"]
[EventDate "2016.10.15"]

1. e4 c6 2. Nc3 d5 3. Nf3 Nf6 4. e5 Ne4 5. Ne2 Qb6 6. d4 e6 7. Nfg1 f6 8. f3 Ng5
9. exf6 gxf6 10. Bxg5 fxg5 11. Rb1 c5 12. h4 cxd4 13. Qxd4 Qxd4 14. Nxd4 gxh4
15. Rxh4 Be7 16. Rh5 Nc6 17. Nxc6 bxc6 18. Bd3 h6 19. Nh3 Bd6 20. Nf2 e5 21. Ke2
Kf7 22. c4 Kg7 23. b3 Be6 24. Rc1 Rad8 25. c5 Bc7 26. Ba6 Rb8 27. Rch1 Bf7 28.
R5h4 h5 29. Ra4 Rh6 30. Rhh4 Rf6 31. Rhb4 e4 32. fxe4 Re8 33. Bd3 Bg3 34. Nd1
Re7 35. Kd2 Bg6 36. Kc1 a5 37. Rd4 Bf4+ 38. Kb1 dxe4 39. Be2 Be5 40. Rd8 Bc7 41.
Ra8 Rd7 42. Ra7 Kh6 43. b4 Rd2 44. Rxc7 Rxe2 45. bxa5 e3+ 46. Ka1 Rf1 47. Rd4
Ree1 48. a6 e2 0-1